00330pab a2200121 454500008004000000100002200040245003600062260000900098300001000107362000800117650006300125773002000188180718b1986 xxu||||| |||| 00| 0 eng d aSrivastava, Manju aEconomic philosophy of Gandhiji c1986 a375-9 aMay aGandhi, Mohandas Karamchand - Criticism and interpretation aKhadi Gramodyog